000 00592nam a2200217Ia 4500
008 160621s9999 xx 000 0 und d
020 _a0-07-121466-6
050 _aComSc T 58.6
050 _b.H33 2004
100 _aHaag, Stephen.
245 _aManagement information systems for the information age /
245 _cStephen Haag, Maeve Cummings, Donald J. McCubbrey.
250 _a4th Edition
260 _aNew York :
260 _bMcGraw-Hill,
260 _c2004
300 _a550 pages :
300 _bcolor illustrations ;
300 _c28 cm.
500 _aIncludes index.
999 _c296150
_d296150